000 00304nam a22001337a 4500
008 171006b xxu||||| |||| 00| 0 eng d
020 _a211000050951
041 _aeng
080 _a159.9
100 _a48
101 _aPSI
245 _aINTRODUCTION TO SOCIAL PSYCHOLOGY
_cLIPPA, R.A
942 _2udc
_cBK
999 _c32148
_d32148